LEADER 01260nam a2200241 i 4500 001 000000198404 003 CaOOAMICUS 005 20110722000000.0 008 110722s1904 gw u000 u ger u 013 $a177092 040 $aSeMil$bita 100 1 $aGuttmann, Walter <1873-1941>.$0(OLS)http://semarc/name/71796 245 10$aElektrizitätslehre für Mediziner :$bEinführung in die physikalischen Grundlagen der Elektrodiagnostik, Elektrotherapie und Röntgenwissenschaft /$cvon Walter Guttmann. 260 $aLeipzig :$bGeorg Thieme,$c1904. 300 $aXI, 224 p., 2 c. di tav. :$bill. ;$c25 cm. 650 4$aElettricità.$0(OLS)http://semarc/subject/12212 650 4$aRaggi Röntgen - Elettricità.$0(OLS)http://semarc/subject/37235 650 4$aElettrodiagnostica.$0(OLS)http://semarc/subject/37233 650 4$aElettroterapia.$0(OLS)http://semarc/subject/37234 850 $aSeMil 852 $aSeMil$W1$xVenegono$y1$m3XP II 22$j148960$B148960$CSeMilBibl$Z2$F165658 $81 996 $6245$aElektrizitätslehre für Mediziner :$bEinführung in die physikalischen Grundlagen der Elektrodiagnostik, Elektrotherapie und Röntgenwissenschaft$9(OLS)http://semarc/title/286680 996 $6260$aLeipzig :$bGeorg Thieme$9(OLS)http://semarc/publisher/51145 LEADER 01016nam a2200229 i 4500 001 000000123425 003 CaOOAMICUS 005 20040225000000.0 008 040225s1963 gw u000 u ger u 013 $a96121 040 $aSeMil$bita 245 14$aDie Apostelgeschichte /$cErklärt von Hans Conzelmann. 260 $aTübingen :$bMohr Siebeck,$c1963. 300 $a158 p., + [1] cart., [1] c. geogr. ripieg. ;$c26 cm. 490 0 $aHandbuch zum Neuen Testament ;$v7 650 4$aBibbia. Nuovo Testamento. Atti degli Apostoli - Commentari, studi, critica, interpretazioni.$0(OLS)http://semarc/subject/30 700 1 $aConzelmann, Hans <1915->.$0(OLS)http://semarc/name/15928 830 0$aHandbuch zum Neuen Testament ;$v7.$0(OLS)http://semarc/title/14197 850 $aSeMil 852 $aSeMil$W1$xVenegono$y1$m2Y IV 34$j78152$B78152$CSeMilBibl$Z2$F80382 $81 996 $6245$aDie Apostelgeschichte$9(OLS)http://semarc/title/38896 996 $6260$aTübingen :$bMohr Siebeck$9(OLS)http://semarc/publisher/30329